Loading...
Arts - Music | 0 | 4 | 0 | 0 | 40 | 85 | 110.00 | 0 | 2 |
History - Other History | 0 | 3 | 0 | 1 | 30 | 89 | 112.67 | 0 | 3 |
History - World History | 1 | 2 | 1 | 0 | 30 | 52 | 73.00 | 1 | 3 |
Other - Pop Culture | 1 | 1 | 0 | 1 | 25 | 59 | 96.00 | 1 | 1 |
Literature - Euro Lit | 0 | 2 | 1 | 0 | 15 | 67 | 92.00 | 1 | 2 |
History - American History | 1 | 0 | 0 | 0 | 15 | 62 | 62.00 | 0 | 1 |
Literature - British Lit | 0 | 2 | 1 | 0 | 15 | 98 | 107.50 | 1 | 2 |
Beliefs - Mythology | 0 | 1 | 0 | 0 | 10 | 142 | 142.00 | 0 | 1 |
Arts - Painting | 0 | 1 | 0 | 0 | 10 | 122 | 122.00 | 0 | 0 |
Literature - World Lit | 0 | 1 | 0 | 0 | 10 | 103 | 103.00 | 0 | 1 |
Other - Geo/CE | 0 | 2 | 2 | 1 | 10 | 108 | 111.50 | 0 | 1 |
Other - Other Academic | 0 | 1 | 0 | 0 | 10 | 87 | 87.00 | 1 | 1 |
Thought - Philosophy | 0 | 1 | 0 | 0 | 10 | 82 | 82.00 | 1 | 1 |
Thought - Social Science | 0 | 1 | 1 | 0 | 5 | 84 | 84.00 | 0 | 1 |
Arts - Other Arts | 0 | 1 | 1 | 0 | 5 | 78 | 78.00 | 1 | 1 |
Literature - American Lit | 0 | 1 | 1 | 1 | 5 | 155 | 155.00 | 0 | 0 |
Science - Biology | 0 | 0 | 0 | 0 | 0 | 0.00 | 0 | 0 | |
Science - Other Science | 0 | 0 | 0 | 0 | 0 | 0.00 | 0 | 0 | |
Science - Physics | 0 | 0 | 0 | 0 | 0 | 0.00 | 0 | 0 | |
History - Euro History | 0 | 1 | 3 | 0 | -5 | 81 | 81.00 | 1 | 1 |